Text book of medicinal chemistry-III (Record no. 360916)

MARC details
000 -LEADER
fixed length control field 00543 a2200193 4500
005 - DATE & TIME
control field 20250508124749.0
008 - FIXED-LENGTH DATA ELEMENTS--GENERAL INFORMATION
fixed length control field 250505b |||||||| |||| 00| 0 eng d
020 ## - ISBN
International Standard Book Number 9788119613397
Price Rs. 495.00
040 ## - CATALOGING SOURCE
Original cataloging agency VIVEKANANDA LIBRARY
082 ## - DDC NUMBER
Classification number 615.19
Book Number K314T
100 ## - MAIN ENTRY--PERSONAL NAME
Personal name Kemisetti, Durga Prasad
110 ## - MAIN ENTRY--CORPORATE NAME
Corporate name Kemisetti, Durgaprasad
245 ## - TITLE STATEMENT
Title Text book of medicinal chemistry-III
260 ## - PUBLICATION, DISTRIBUTION, ETC. (IMPRINT)
Name of publisher, distributor, etc IP Innovative Publication
Date of publication, distribution, etc 2024
Place of publication, distribution, etc New Delhi
300 ## - PHYSICAL DESCRIPTION
Pages xi, 211
650 ## - Subject
Subject Pharmaceutical Science
650 ## - Subject
Subject Medicinal Chemistry
942 ## - ADDED ENTRY ELEMENTS (KOHA)
Koha item type Books
Holdings
Withdrawn status Lost status Source of classification or shelving scheme Damaged status Not for loan Location (home branch) Sublocation or collection (holding branch) Shelving location Date acquired Koha issues (times borrowed) Koha full call number Accession No. Koha date last seen Koha item type
    Dewey Decimal Classification     VIVEKANANDA LIBRARY VIVEKANANDA LIBRARY Vivekananda Library 22/01/2025 1 615.19 K314T 441793 21/01/2026 Books
© Designed and Maintained by Vivekananda Library, MDU Rohtak